<?xml version="1.0" encoding="UTF-8"?><?xml-stylesheet type="text/xsl" href="static/style.xsl"?><OAI-PMH xmlns="http://www.openarchives.org/OAI/2.0/" xmlns:xsi="http://www.w3.org/2001/XMLSchema-instance" xsi:schemaLocation="http://www.openarchives.org/OAI/2.0/ http://www.openarchives.org/OAI/2.0/OAI-PMH.xsd"><responseDate>2026-04-14T02:30:34Z</responseDate><request verb="GetRecord" identifier="oai:www.recercat.cat:10459.1/464913" metadataPrefix="marc">https://recercat.cat/oai/request</request><GetRecord><record><header><identifier>oai:recercat.cat:10459.1/464913</identifier><datestamp>2025-09-15T18:31:19Z</datestamp><setSpec>com_2072_3622</setSpec><setSpec>col_2072_479130</setSpec></header><metadata><record xmlns="http://www.loc.gov/MARC21/slim" xmlns:dcterms="http://purl.org/dc/terms/" xmlns:xsi="http://www.w3.org/2001/XMLSchema-instance" xmlns:doc="http://www.lyncode.com/xoai" xsi:schemaLocation="http://www.loc.gov/MARC21/slim http://www.loc.gov/standards/marcxml/schema/MARC21slim.xsd">
   <leader>00925njm 22002777a 4500</leader>
   <datafield ind2=" " ind1=" " tag="042">
      <subfield code="a">dc</subfield>
   </datafield>
   <datafield ind2=" " ind1=" " tag="720">
      <subfield code="a">Salamero Teixidó, Laura</subfield>
      <subfield code="e">author</subfield>
   </datafield>
   <datafield ind2=" " ind1=" " tag="260">
      <subfield code="c">2018</subfield>
   </datafield>
   <datafield ind2=" " ind1=" " tag="520">
      <subfield code="a">Recientemente Francia ha aprobado un paquete de medidas legislativas dirigidas a luchar contra el despilfarro de alimentos. La normativa francesa destaca por ser la primera en el marco europeo dirigida al cumplimiento de este fin y por su ambición, pues pretende atajar el desperdicio de alimentos desde distintos frentes. En este trabajo se realiza un análisis descriptivo y crítico de la normativa francesa con el objetivo de proporcionar al legislador estatal y autonómico, y a la doctrina, un modelo en el que inspirar una futura normativa de lucha contra el desperdicio de alimentos.</subfield>
   </datafield>
   <datafield ind2=" " ind1=" " tag="520">
      <subfield code="a">France has recently passed a package of legal measures addressed to fight against food waste. The French legislation stands out as being the first in Europe to address this issue, and so ambitiously, as it fights against food waste from different perspectives. This paper describes and critically analyzes the French legislation against food waste. It aims to provide the Spanish legislator and scholars with a model able to inspire the future Spanish legislation against food waste</subfield>
   </datafield>
   <datafield tag="653" ind2=" " ind1=" ">
      <subfield code="a">Desperdicio de alimentos</subfield>
   </datafield>
   <datafield tag="653" ind2=" " ind1=" ">
      <subfield code="a">Despilfarro de alimentos</subfield>
   </datafield>
   <datafield tag="653" ind2=" " ind1=" ">
      <subfield code="a">Pérdida de alimentos</subfield>
   </datafield>
   <datafield tag="653" ind2=" " ind1=" ">
      <subfield code="a">Donación de alimentos</subfield>
   </datafield>
   <datafield tag="653" ind2=" " ind1=" ">
      <subfield code="a">Francia</subfield>
   </datafield>
   <datafield ind2="0" ind1="0" tag="245">
      <subfield code="a">El modelo francés de lucha contra el despilfarro de alimentos</subfield>
   </datafield>
   <datafield ind2="0" ind1="0" tag="245">
      <subfield code="a">The French model against food waste</subfield>
   </datafield>
</record></metadata></record></GetRecord></OAI-PMH>